| 000 | 00529nam a2200181Ia 4500 | ||
|---|---|---|---|
| 005 | 20250508162511.0 | ||
| 008 | 008 250505s9999 xx 000 0 eng d | ||
| 037 | _aTextual | ||
| 040 |
_aFEDL _beng _cFEDL |
||
| 041 |
_aeng _2eng |
||
| 084 |
_a820.9, GOY _qFEDL |
||
| 100 | _aGoyal Bhagwat S | ||
| 245 | 0 | _aCulture and commitment aspects of Indian literature in english | |
| 260 |
_aMeerut India _bShalabh Book House _c1984 |
||
| 300 | _aviii,177p. | ||
| 942 |
_cTEXL _h820.9, GOY |
||
| 999 |
_c1376936 _d1376936 |
||